Central Library and Information Centre
Sibsagar Girls' College, Sivasagar : Assam

PHYSICAL GEOGRAPHY (Record no. 1300)

MARC details
000 -LEADER
fixed length control field 00369cam a2200169ua 4500
008 - FIXED-LENGTH DATA ELEMENTS--GENERAL INFORMATION
fixed length control field 131122n II |||gr||||Z||||||eng
040 ## - CATALOGING SOURCE
Original cataloging agency MAIN
041 ## - LANGUAGE CODE
-- English
082 ## - DEWEY DECIMAL CLASSIFICATION NUMBER
Classification number 910.02 SIN
082 ## - DEWEY DECIMAL CLASSIFICATION NUMBER
Classification number 910.02
100 ## - MAIN ENTRY--PERSONAL NAME
Personal name SINHA AND BHATTACHARYYA.
245 ## - TITLE STATEMENT
Title PHYSICAL GEOGRAPHY
300 ## - PHYSICAL DESCRIPTION
Dimensions 20CM.
942 ## - ADDED ENTRY ELEMENTS (KOHA)
Koha item type Books
653 ## - INDEX TERM--UNCONTROLLED
Uncontrolled term PHYSICAL GEOGRAPHY
Holdings
Withdrawn status Lost status Damaged status Not for loan Collection code Home library Current library Shelving location Date acquired Full call number Barcode Date last seen Copy number Price effective from Koha item type
        TBGEO Central Library and Information Centre Sibsagar Girls College Central Library and Information Centre Sibsagar Girls College Geography Rack 07.04.1968 910.02 SIN 01512 27.02.2020 1 27.02.2020 Books
        TBGEO Central Library and Information Centre Sibsagar Girls College Central Library and Information Centre Sibsagar Girls College Geography Rack 07.04.1968 910.02 01513 27.02.2020 2 27.02.2020 Books


Sibsagar Girl's College © 2020. All rights reserved.
Powered by Koha.
Maintained by Abhijit Borpuzari.